| 000 | 00563nam a2200169Ia 4500 | ||
|---|---|---|---|
| 003 | SGT | ||
| 020 | _a9788177584165 | ||
| 082 |
_a670.2854 _bGRO |
||
| 100 | _aGroover, Mikell P. | ||
| 245 | _aCAD/CAM : computer-aided design and manufacturing | ||
| 260 |
_bPearson _aN.Delhi _c2009 |
||
| 300 | _a511p. | ||
| 650 | _aCOMPUTER SCIENCE | ||
| 653 | _aCOMPUTERS , THE FOUNDATION OF CAD/CAM, COMPUTER-AIDED DESIGN, NUMERICAL CONTROL, THE BEGINNINGS OF CAM,INDUSTRIAL ROBOTS, GROUP TECHNOLOGY AND PROCESS PLANNING | ||
| 700 | _aZimmers, Emory W. | ||
| 942 |
_2ddc _cBK _02 |
||
| 999 |
_c5729 _d5729 |
||